Einstein - Đời sống và tư tưởng

Gồm 2 phần. Ph.1: Đời sống và tư tưởng; Ph.2: Trích văn

Сохранить в:
Библиографические подробности
Главный автор: Nguyễn, Hiến Lê
Формат:
Язык:Undetermined
Опубликовано: H. Hồng Đức 2018
Предметы:
Online-ссылка:http://lrc.tdmu.edu.vn/opac/search/detail.asp?aID=2&ID=36799
Метки: Добавить метку
Нет меток, Требуется 1-ая метка записи!
Thư viện lưu trữ: Trung tâm Học liệu Trường Đại học Thủ Dầu Một
LEADER 00772nam a2200205Ia 4500
001 TDMU_36799
008 210410s9999 xx 000 0 und d
082 |a 658.3 
090 |b NG527 
100 |a Nguyễn, Hiến Lê 
245 0 |a Einstein - Đời sống và tư tưởng 
245 0 |c Nguyễn Hiến Lê 
260 |a H. 
260 |b Hồng Đức 
260 |c 2018 
300 |a 137tr. 
520 |a Gồm 2 phần. Ph.1: Đời sống và tư tưởng; Ph.2: Trích văn 
650 |a Nhà khoa học  |x Einstein Albert  |x Cuộc đời và tư tưởng; Einstein Albert 
856 |u http://lrc.tdmu.edu.vn/opac/search/detail.asp?aID=2&ID=36799 
980 |a Trung tâm Học liệu Trường Đại học Thủ Dầu Một